Microelectronics (Record no. 42351)

MARC details
000 -LEADER
fixed length control field 00982nam a2200337Ia 4500
003 - CONTROL NUMBER IDENTIFIER
control field OSt
005 - DATE AND TIME OF LATEST TRANSACTION
control field 20220912150224.0
008 - FIXED-LENGTH DATA ELEMENTS--GENERAL INFORMATION
fixed length control field 220909b |||||||| |||| 00| 0 eng d
020 ## - INTERNATIONAL STANDARD BOOK NUMBER
International Standard Book Number 0074637363 (pbk)
037 ## - SOURCE OF ACQUISITION
Terms of availability Textbook
040 ## - CATALOGING SOURCE
Original cataloging agency CSL
Language of cataloging eng
Transcribing agency CSL
041 ## - LANGUAGE CODE
Language code of text/sound track or separate title eng
100 ## - MAIN ENTRY--PERSONAL NAME
Personal name Millman Jacob
245 #0 - TITLE STATEMENT
Title Microelectronics
250 ## - EDITION STATEMENT
Edition statement 2
260 ## - PUBLICATION, DISTRIBUTION, ETC.
Place of publication, distribution, etc. New York McGraw-Hill Companies,Inc.
Date of publication, distribution, etc. 1987
300 ## - PHYSICAL DESCRIPTION
Extent xx,1001p.
Dimensions cm.
500 ## - GENERAL NOTE
General note Appendix A-E, 818-986p.
-- cm.; Index 987-1001p.
-- cm.
650 ## - SUBJECT ADDED ENTRY--TOPICAL TERM
Topical term or geographic name entry element Computer science
650 ## - SUBJECT ADDED ENTRY--TOPICAL TERM
Topical term or geographic name entry element Engineering
650 ## - SUBJECT ADDED ENTRY--TOPICAL TERM
Topical term or geographic name entry element Micro electronics
650 ## - SUBJECT ADDED ENTRY--TOPICAL TERM
Topical term or geographic name entry element Electronics
700 ## - ADDED ENTRY--PERSONAL NAME
Personal name Grabel Arvin
942 ## - ADDED ENTRY ELEMENTS (KOHA)
Classification part D651, M7;2 TD
Koha item type Textbook
Source of classification or shelving scheme Colon Classification (CC)
Holdings
Withdrawn status Lost status Damaged status Not for loan Home library Current library Date acquired Source of acquisition Total Checkouts Full call number Barcode Date last seen Price effective from Koha item type
        Central Science Library Central Science Library 2022-09-12 ATB/361, 18/03/2005, Ashutosh Technical Books   D651 M7;2 TD SL1291470 2022-09-12 2022-09-12 Textbook
Copyright @ Delhi University Library System